| 000 | 00967nam a2200205Ii 4500 | ||
|---|---|---|---|
| 003 | JO-AjNU | ||
| 008 | 230605s9999||||xx |||||||||||||| ||und|| | ||
| 040 |
_aJO-AjNU _bara _erda _cJO-AjNU |
||
| 041 | _aara | ||
| 050 | 1 | 4 | _aBP75.2.I2694.1992 |
| 100 | 3 |
_aتأليف: ابن هشام ؛ حققها وضبطها وشرحها: مصطفى السقا، ابراهيم الابياري، عبدالحفيظ شلبي ؛ وضع فهارسها من جديد: معروف زريق, _eauthor _959126 |
|
| 245 | 0 | 0 | _aالسيرة النبوية، ج3-4 |
| 250 | _aط1 | ||
| 264 | 3 | 1 | _aبيروت، دمشق:دار الخير للطباعة والنشر، 1992 |
| 300 |
_aج3-4: 243ص، من ص 5-228 فهارس _bيحتوي على مسرد مواضيع من ص 241-243،يحتوي على فهارس من ص5-228 |
||
| 336 |
_atext _btxt _2rdacontent |
||
| 337 |
_aunmediated _bn _2rdamedia |
||
| 338 |
_avolume _bnc _2rdacarrier |
||
| 650 | 4 |
_aالسيرة النبوية _959127 |
|
| 999 |
_aA26591 _c30159 _d30159 |
||